La satisfacción con la vida como una aproximación a la medición del desarrollo /
保存先:
| 第一著者: | |
|---|---|
| フォーマット: | テキスト |
| 主題: | |
| タグ: |
タグ追加
タグなし, このレコードへの初めてのタグを付けませんか!
|
MARC
| LEADER | 00000 a a2200000 04500 | ||
|---|---|---|---|
| 001 | 4227 | ||
| 003 | |||
| 040 | |||
| 100 | |a Londoño, Sandra Liliana | ||
| 245 | |a La satisfacción con la vida como una aproximación a la medición del desarrollo / |c Sandra Liliana Londoño | ||
| 650 | |a POBREZA | ||
| 650 | |a PRUEBAS ESTADISTICAS | ||
| 650 | |a INVESTIGACION SOBRE EL DESARROLLO | ||
| 650 | |a TEORIA SOCIAL | ||
| 773 | |g número 142; páginas 61-84 | ||
| 999 | |c 23758 |d 23758 | ||
